• 首页
  • 本馆介绍
  • 公告通知
  • 最新文献
  • 馆藏检索
  • 电子资源
  • 读者导购
  • 参考咨询
  • 我的图书馆
  • 登录
  • 详细信息显示
  • 放入我的书架
  • 预约/预借图书
  • 作者相关作品
  • 分类相关作品
  • 丛书相关作品
  • 出版社相关作品

书目信息

  • 表格格式
  • 工作单格式
  • 卡片格式
题名:
土木工程材料
    
 
作者: 孙世民 主编
分册:  
出版信息: 北京   航空工业出版社  2018
页数: 321页
开本: 26cm
丛书名:
单 册:
中图分类: TU5
科图分类:
主题词: 土木工程--tu mu gong cheng--建筑材料--高等学校--教材
电子资源:
ISBN: 978-7-5165-0220-4
000 00952nam0 2200277 45
001 012001002970
005 20140126111021.0
010    @a978-7-5165-0220-4@dCNY48.00
099    @aCAL 012013119309
100    @a20131017d2013 em y0chiy50 ea
101 0  @achi
102    @aCN@b110000
105    @aak a 000yy
106    @ar
200 1  @a土木工程材料@ATu Mu Gong Cheng Cai Liao@f主编孙世民
210    @a北京@c航空工业出版社@d2018
215    @a 321页@c图@d26cm
320    @a有书目 (第321页)
330    @a本书共分公共基础部分,工业与民用建筑、道路与桥梁、建筑装饰等专业部分,以及实验实训部分,共十八章。
333    @a普通高等教育“十二五”规划教材
333    @a可供高等院校建筑工程技术等相关专业学生选用,也可供从事建筑业务的人员学习、参考
606 0  @a土木工程@Atu mu gong cheng@x建筑材料@x高等学校@j教材
690    @aTU5@v5
701  0 @a孙世民@ASun Shi Min@4主编
801  2 @aCN@b北京卓展@c20191020
905    @b1204933-6@dTU5@e1602@f4
    
    土木工程材料/主编孙世民.-北京:航空工业出版社,2018
     321页:图;26cm
    使用对象:普通高等教育“十二五”规划教材.-;可供高等院校建筑工程技术等相关专业学生选用,也可供从事建筑业务的人员学习、参考
    
    ISBN 978-7-5165-0220-4:CNY48.00
    本书共分公共基础部分,工业与民用建筑、道路与桥梁、建筑装饰等专业部分,以及实验实训部分,共十八章。
●
相关链接 在E读中查询图书 在五车中查询图书 在当当中查询图书 在豆瓣中查询图书


正题名:土木工程材料     索取号:TU5/1602         预约/预借

序号 登录号 条形码 馆藏地/架位号 状态 备注
1 1204933   212049335   第二样本阅览室/ [索取号:TU5/1602] 在馆    
2 1204934   212049344   第三借阅区/ [索取号:TU5/1602] 在馆    
3 1204935   212049353   第三借阅区/ [索取号:TU5/1602] 在馆    
4 1204936   212049362   第三借阅区/ [索取号:TU5/1602] 在馆    
唐山师范学院图书馆 欢迎您!
大连网信软件有限公司© 版权所有